Statistics for Super Smash Bros. Fighters #03 - The Link Quiz

Click here to take the quiz!

General Stats

  • This quiz has been taken 292 times
    (151 since last reset)
  • The average score is 12 of 15

Answer Stats

QuestionAnswer% Correct
What consoles was Breath of the Wild originally released on?Switch
97%
Name a Zelda game with ‘Link’ in the title.A Link to the Past, Link and the Faces of Evil...
95%
What consoles was Breath of the Wild originally released on?WiiU
91%
Link’s sword, often described as the blade that seals the darkness:Master Sword
90%
What is the name of the sequel to Breath of the Wild?Tears of the Kingdom
90%
Zelda has the Triforce of Wisdom. Ganon has the Triforce of Power. What does Link have?Triforce of {Courage}
86%
Where does Link live?Hyrule
84%
In Breath of the Wild, what is the name of the reincarnation of Ganon?Calamity Ganon
83%
What race is Link?Hylian
79%
Link is a champion. Who are the other four champions?Mipha
70%
Link is a champion. Who are the other four champions?Revali
69%
When Link reawakens in Breath of the Wild, he is given a tablet-based technology. What is it called?Sheikah Slate
68%
Link is a champion. Who are the other four champions?Urbosa
64%
Link is a champion. Who are the other four champions?Daruk
63%
Before the Calamity, what was Link’s occupation in Breath of the Wild?Knight
59%

Score Distribution

Percentile by Number Answered

Percent of People with Each Score

Your Score History

You have not taken this quiz since the last reset